Normal view
MARC view
- Ewen, Dale Nelson, C. Robert
Entry Personal Name
001 - CONTROL NUMBER
- control field: 60685
003 - CONTROL NUMBER IDENTIFIER
- control field: NUST
005 - DATE AND TIME OF LATEST TRANSACTION
- control field: 20210628202612.0
008 - FIXED-LENGTH DATA ELEMENTS
- fixed length control field: 210628|| aca||aabn | a|a d
040 ## - CATALOGING SOURCE
- Original cataloging agency: NUST
- Transcribing agency: NUST
100 ## - HEADING--PERSONAL NAME
- Personal name: Ewen, Dale Nelson, C. Robert
670 ## - SOURCE DATA FOUND
- Source citation: Work cat.: (NUST): Ewen, Dale Nelson, C. Robert, Elementary technical mathematics, 2003
